00655nam a22002177a 450000500170000001000130001702000100003003500130004003700160005304000120006908200190008124501360010026000280023627000610026430000220032550000190034765000200036665000200038670000140040670000170042020170124110003.0 aA-701512 c00.00 aA-701512 bCen Lib/Ret aDPLbEN a351.00313bNEH aNehru to the nineties :cby B. D. Dua...[et al.]; edited by James Manor...[et al]bthe changing office of prime minister in India / aNew DelhibVikingc1994 a210, Chiranjiv Tower, 43, Nehru PlacebNew Delhie110019 ax,261p.c22cm(Hb) aIncludes index aPrime ministers aExecutive power aDua, B.D. aManor, James